| 000 | 00921nam a22003257a 4500 | ||
|---|---|---|---|
| 001 | BR0902350 | ||
| 003 | BR-BrBNA | ||
| 005 | 20230928102944.0 | ||
| 007 | ta | ||
| 008 | 230509b bl.||||| |||| 00| 0 por d | ||
| 040 |
_aBR-BrBNA _bpor _cBiblioteca Nacional de Agricultura |
||
| 041 | _a(Por) | ||
| 072 | _aP34 | ||
| 090 | _ P34 BR0902350 | ||
| 100 | 1 | _aMiranda, J.C.C. de | |
| 110 | 1 | _aEMBRAPA Cerrados, Planaltina, DF (Brasil) | |
| 245 | 1 | _aCerrado: micorriza arbuscular; ocorrência e manejo | |
| 260 | 3 |
_aPlanaltina, DF (Brasil): _c2008. |
|
| 300 | _a169 p. | ||
| 500 | _aBibliography p. 143-161; 51 illus.; 50 tables | ||
| 650 | _aMICORRIZA VESICULAR ARBUSCULAR | ||
| 650 | _aMICROBIOLOGIA DO SOLO | ||
| 650 | _aANÁLISE DO SOLO | ||
| 650 | _aMICÉLIO | ||
| 650 | _aMANEJO | ||
| 650 | _aCONSORCIAÇÃO DE CULTURA | ||
| 650 | _aCERRADO | ||
| 909 |
_a202309 _bLucia _c55 _dLucia Elande |
||
| 942 | _cBK | ||
| 999 |
_c73122 _d73122 |
||